Sport par lettre - A - Statistiques

Statistiques générales
  • Ce quiz a été pris 152 fois
    139 depuis la dernière actualisation
  • Le résultat moyen est 13 sur 20
Statistiques - réponses
Hint Réponse % Correct
Ils sont cinq sur le drapeau olympique anneaux
96%
Club anglais de football dans lequel se sont illustrés de nombreux joueurs et un entraineur français Arsenal
94%
Dans les sports de raquette, ce mot désigne un service gagnant lors duquel l'adversaire ne touche pas la balle Ace
93%
Il remporte les éditions 2024 et 2025 de Roland-Garros Carlos Alcaraz
89%
Surnom de l'équipe néo-zélandaise de rugby All blacks
83%
Poste que l'on trouve, par exemple, au handball ou au basket-ball Ailier
78%
Il se fait retirer ses sept tours de France en 2012 Lance Armstrong
75%
Footballer gabonais ayant fait son retour à l'Olympique de Marseille à l'été 2025 Pierre-Emerick Aubameyang
73%
Activité sportive qui consiste à se déplacer à travers les arbres dans une forêt spécialement aménagée accrobranche
71%
Technique consistant à frapper la balle ou le volant très doucement et près du filet, afin de la faire retomber juste derrière, avec peu de rebond, pour surprendre l’adversaire et le forcer à avancer rapidement Amorti
70%
Art martial japonais Aïkido
65%
Ce pays a terminé juste devant la France au classement des médaillers lors des JO de Paris en 2024 Australie
65%
Cycliste français double champion du monde Julian Alaphilippe
65%
Phénomène par lequel un sportif ou un véhicule placé derrière un autre bénéficie d’une réduction de la résistance de l’air Aspiration
64%
Au football, celui qui joue à ce poste porte souvent le numéro 9 Avant-centre
60%
Stade dans lequel évolue l'OGC Nice Allianz Riviera
59%
Championne française de Judo ayant notamment remporté trois médailles d'or aux JO Clarisse Agbegnenou
51%
Lieu mythique du tour de France, connu notamment pour ses 21 virages Alpe d'Huez
44%
Sport dans lequel se sont illustrés Germain Chardin et Dorian Mortelette Aviron
38%
Epreuve de cyclisme sur piste se courant en duo qui est aussi appelée "madison" Américaine
15%
Aucun quiz correspondant
Distribution des résultats
% des personnes avec chaque résultat
Percentile par nombre de réponses
Votre historique - résultats
Vous n’avez pas pris ce quiz depuis la dernière actualisation